000 00462 a2200169 4500
020 _a 007061220X
040 _aDLC
_bDLC
082 _a621.38152
100 _aAchuthan, M. K.
245 _aFundamental of Semiconductor Devices
_cM. K.Achuthan
260 _aNew Delhi:
_bTata McGraw-Hill,
_c2007.
300 _axvi, 724 p
_b : ill.
_c; 24 cm.
500 _aIncludes Index
650 _aSemiconductors.
700 _a K. N. Bhat
942 _cBK
_k 621.38152 ACH
_2ddc
999 _c8057
_d8057